[Event "3rd Sharjah Masters 2019"]
[Site "Sharjah UAE"]
[Date "2019.03.27"]
[Round "6.44"]
[White "Dimakiling, Oliver"]
[Black "Shiva, Pavan Teja Sharma U"]
[Result "1-0"]
[WhiteTitle "IM"]
[WhiteElo "2423"]
[BlackElo "2093"]
[WhiteFideId "5202248"]
[BlackFideId "35063537"]
[EventDate "2019.03.22"]

1. c4 e5 2. Nc3 Nf6 3. Nf3 Nc6 4. e4 Bc5 5. Nxe5 Nxe5 6. d4 Bb4 7. dxe5 Nxe4 8.
Qf3 Ng5 9. Qg3 Ne6 10. a3 Bxc3+ 11. Qxc3 b6 12. Be3 Bb7 13. O-O-O Qe7 14. f3
O-O-O 15. Bd3 Bc6 16. b4 Kb8 17. c5 d5 18. exd6 cxd6 19. cxb6 axb6 20. Kb1 Rc8
21. Qd2 b5 22. f4 g6 23. f5 Nc7 24. Rhe1 Qd7 25. Bc2 Nd5 26. Bd4 Rhe8 27. Rf1
Qe7 28. Rde1 Qh4 29. g3 Qg4 30. f6 Bd7 31. Kb2 Rc4 32. Rxe8+ Bxe8 33. Rd1 Rc6 1-0

[Event "3rd Sharjah Masters 2019"]
[Site "Sharjah UAE"]
[Date "2019.03.27"]
[Round "6.45"]
[White "Zarkovic, Mila"]
[Black "Akshat, Khamparia"]
[Result "0-1"]
[WhiteTitle "WIM"]
[BlackTitle "IM"]
[WhiteElo "2187"]
[BlackElo "2415"]
[WhiteFideId "900451"]
[BlackFideId "5016541"]
[EventDate "2019.03.22"]

1. e4 c5 2. Nf3 d6 3. d4 cxd4 4. Nxd4 Nf6 5. Nc3 g6 6. Be3 Bg7 7. f3 Nc6 8. Qd2
Bd7 9. O-O-O h5 10. h4 Rc8 11. Kb1 Ne5 12. Nb3 a5 13. Qf2 Rxc3 14. bxc3 a4 15.
Bb6 Qc8 16. Na5 Qxc3 17. Qd4 Qc8 18. Nc4 Nc6 19. Nxd6+ exd6 20. Qxd6 Be6 21. Bb5
Nd7 22. Be3 Bf8 23. Qd2 Bg7 24. Qd6 Bf8 25. Qd2 Bb4 26. c3 Be7 27. Bxa4 Nde5 28.
Bb3 Nc4 29. Qe2 b5 30. Bd4 O-O 31. Rd3 Qa6 32. g4 Ra8 33. gxh5 Na3+ 34. Kc1 Bxb3
35. axb3 Nc4 36. Qc2 Qa3+ 37. Kd1 Qa1+ 0-1

[Event "3rd Sharjah Masters 2019"]
[Site "Sharjah UAE"]
[Date "2019.03.28"]
[Round "7.2"]
[White "Vokhidov, Shamsiddin"]
[Black "Maghsoodloo, Parham"]
[Result "1/2-1/2"]
[WhiteTitle "IM"]
[BlackTitle "GM"]
[WhiteElo "2494"]
[BlackElo "2673"]
[WhiteFideId "14204223"]
[BlackFideId "12539929"]
[EventDate "2019.03.22"]

1. e4 c5 2. Nf3 d6 3. d4 cxd4 4. Nxd4 Nf6 5. Nc3 Nc6 6. Bg5 e6 7. Qd2 a6 8.
O-O-O Bd7 9. f4 b5 10. Bxf6 gxf6 11. Kb1 Qb6 12. Nxc6 Bxc6 13. Qe1 O-O-O 14. Bd3
Qc5 15. Qh4 Be7 16. f5 h5 17. Qh3 Bd7 18. Ne2 exf5 19. Qf3 fxe4 20. Bxe4 Bg4 21.
Qf1 d5 22. Bf5+ Kb7 23. Bxg4 hxg4 24. Rd4 Qc8 25. h3 gxh3 26. gxh3 Rh5 27. Qf3
Rf5 28. Rf4 Rxf4 29. Nxf4 Qf5 30. Rf1 Qe4 31. Qh5 d4 32. Nd3 Qd5 33. Qe2 Qe6 34.
Qf3+ Qd5 35. Qf2 Rh8 36. h4 f5 37. Qxf5 Qxf5 38. Rxf5 Rxh4 39. a4 f6 40. axb5
axb5 41. Rxb5+ Kc6 42. Ra5 Rh8 1/2-1/2

[Event "3rd Sharjah Masters 2019"]
[Site "Sharjah UAE"]
[Date "2019.03.28"]
[Round "7.3"]
[White "Kryvoruchko, Yuriy"]
[Black "Yakubboev, Nodirbek"]
[Result "1-0"]
[WhiteTitle "GM"]
[BlackTitle "IM"]
[WhiteElo "2680"]
[BlackElo "2569"]
[WhiteFideId "14109182"]
[BlackFideId "14203987"]
[EventDate "2019.03.22"]

1. c4 e5 2. Nc3 Nf6 3. Nf3 Nc6 4. g3 Bb4 5. Bg2 Bxc3 6. bxc3 O-O 7. O-O d6 8. d3
e4 9. Nd4 Ne5 10. dxe4 Nxc4 11. Qb3 Na5 12. Qa4 c5 13. Nf5 Bd7 14. Qc2 Nc4 15.
Rd1 Bxf5 16. exf5 Rb8 17. a4 a6 18. a5 Nxa5 19. Qa2 b6 20. Bf4 Ne8 21. Bd5 Qf6
22. e4 Nc7 23. Bxd6 Nb5 24. Bxb8 Rxb8 25. Rac1 Nxc3 26. Rxc3 Qxc3 27. Bxf7+ Kf8
28. Qd5 Qf6 29. e5 Qe7 30. Be6 Nb7 31. Bd7 c4 32. f6 gxf6 33. exf6 Qxf6 34. Rd4
Kg7 35. Rf4 Qd6 36. Qf7+ Kh8 37. Rh4 1-0

[Event "3rd Sharjah Masters 2019"]
[Site "Sharjah UAE"]
[Date "2019.03.28"]
[Round "7.5"]
[White "Matlakov, Maxim"]
[Black "Fier, Alexandr"]
[Result "1-0"]
[WhiteTitle "GM"]
[BlackTitle "GM"]
[WhiteElo "2692"]
[BlackElo "2551"]
[WhiteFideId "4168003"]
[BlackFideId "2107139"]
[EventDate "2019.03.22"]

1. d4 Nf6 2. Nf3 e6 3. c4 b6 4. g3 Ba6 5. Qc2 Bb7 6. Bg2 c5 7. d5 exd5 8. cxd5
Nxd5 9. O-O Be7 10. Rd1 Nc6 11. a3 Nc7 12. Bf4 Ne6 13. e3 O-O 14. Nc3 Nxf4 15.
exf4 h6 16. Rd2 Bf6 17. Rad1 Bxc3 18. bxc3 Qc8 19. Nh4 d5 20. Rxd5 Ne7 21. Rd7
Bxg2 22. Kxg2 Qc6+ 23. f3 Rae8 24. R1d6 Qa8 25. f5 Rd8 26. Qd2 Rxd7 27. Rxd7 Nc8
28. f6 Qc6 29. fxg7 Kxg7 30. Nf5+ Kh7 31. Rd6 1-0

[Event "3rd Sharjah Masters 2019"]
[Site "Sharjah UAE"]
[Date "2019.03.28"]
[Round "7.9"]
[White "Zubov, Alexander"]
[Black "Vishnu Prasanna, V"]
[Result "1/2-1/2"]
[WhiteTitle "GM"]
[BlackTitle "GM"]
[WhiteElo "2605"]
[BlackElo "2524"]
[WhiteFideId "14109409"]
[BlackFideId "5030692"]
[EventDate "2019.03.22"]

1. d4 d5 2. c4 dxc4 3. Nf3 Nf6 4. Qa4+ Nbd7 5. Qxc4 e6 6. Nc3 c5 7. Be3 b6 8. g3
Bb7 9. Bg2 Rc8 10. O-O cxd4 11. Qxd4 Bc5 12. Qf4 O-O 13. Bxc5 Rxc5 14. Rfd1 Qb8
15. Qxb8 Rxb8 16. Rd4 Kf8 17. Rad1 Ke7 18. Ne1 Bxg2 19. Kxg2 Rbc8 20. f4 Rc4 21.
Kf3 e5 22. R4d2 exf4 23. gxf4 g5 24. fxg5 Ne5+ 25. Kf2 Nfg4+ 26. Kg1 Ne3 27.
Nd5+ Nxd5 28. Rxd5 Rg4+ 29. Kh1 Rxg5 30. h4 Rh5 31. Nf3 1/2-1/2

[Event "3rd Sharjah Masters 2019"]
[Site "Sharjah UAE"]
[Date "2019.03.28"]
[Round "7.10"]
[White "Aditya, Mittal"]
[Black "Idani, Pouya"]
[Result "1-0"]
[WhiteTitle "CM"]
[BlackTitle "GM"]
[WhiteElo "2454"]
[BlackElo "2604"]
[WhiteFideId "35042025"]
[BlackFideId "12510130"]
[EventDate "2019.03.22"]

1. d4 Nf6 2. c4 g6 3. Nc3 d5 4. cxd5 Nxd5 5. Bd2 Bg7 6. e4 Nb6 7. Be3 O-O 8. Bb5
Be6 9. Nf3 Bg4 10. a4 Bxf3 11. gxf3 a6 12. Be2 e6 13. a5 N6d7 14. Qd2 Nc6 15. d5
Ne7 16. dxe6 fxe6 17. Bc4 Ne5 18. Bxe6+ Kh8 19. O-O-O Nxf3 20. Qxd8 Rfxd8 21.
Nd5 Nxd5 22. exd5 Ne5 23. b3 Rf8 24. f4 Nf7 25. h4 Bf6 26. Rdg1 Kg7 27. f5 Rad8
28. Rg2 c6 29. h5 g5 30. h6+ Kh8 31. Bc5 Ne5 32. Bxf8 Rxf8 33. d6 Rd8 34. Rd1 g4
35. Kb1 Bg5 36. Re2 Nf3 37. d7 Bxh6 38. f6 1-0

[Event "3rd Sharjah Masters 2019"]
[Site "Sharjah UAE"]
[Date "2019.03.28"]
[Round "7.11"]
[White "Gupta, Abhijeet"]
[Black "Nguyen, Anh Khoi"]
[Result "1/2-1/2"]
[WhiteTitle "GM"]
[BlackTitle "IM"]
[WhiteElo "2602"]
[BlackElo "2484"]
[WhiteFideId "5010608"]
[BlackFideId "12404675"]
[EventDate "2019.03.22"]

1. d4 Nf6 2. c4 e6 3. g3 c5 4. Nf3 cxd4 5. Nxd4 d5 6. Bg2 e5 7. Nf3 d4 8. O-O
Nc6 9. e3 Be7 10. exd4 exd4 11. Bf4 O-O 12. Ne5 Nxe5 13. Bxe5 Bc5 14. Nd2 Re8
15. Bxf6 Qxf6 16. Ne4 Qb6 17. Qh5 Be7 18. b3 Be6 19. Rad1 Rad8 20. Ng5 Bxg5 21.
Qxg5 h6 22. Qh5 Re7 23. Rd2 a5 24. Rfd1 Red7 25. Be4 a4 26. Rd3 axb3 27. axb3
Qc7 28. Kg2 b6 29. f4 Rd6 30. f5 Bc8 31. Qf3 Ba6 32. Kh3 b5 33. Bd5 bxc4 34.
bxc4 Rxd5 35. cxd5 Bxd3 36. Rxd3 Qe5 37. Rd2 Rxd5 38. Re2 Qxf5+ 39. Qxf5 Rxf5
40. Re8+ Kh7 41. Rd8 Rf2 42. Rxd4 f5 43. g4 f4 44. Rd5 Re2 45. g5 h5 46. Rd4 Rf2
47. Rd6 Ra2 48. Rd4 Rf2 49. Rd6 f3 50. Rd3 Kg6 51. Kg3 Rg2+ 52. Kh3 Rf2 53. Kg3
Rf1 54. Kf4 f2 55. Rd6+ Kf7 56. Rd2 Ke6 57. Re2+ Kf7 58. Ra2 h4 59. Kf3 Kg6 60.
Kg2 Rg1+ 61. Kxf2 Rxg5 62. Kf3 h3 63. Ra4 Rg2 64. Rg4+ Rxg4 65. Kxg4 1/2-1/2

[Event "3rd Sharjah Masters 2019"]
[Site "Sharjah UAE"]
[Date "2019.03.28"]
[Round "7.12"]
[White "Sadhwani, Raunak"]
[Black "Pichot, Alan"]
[Result "1/2-1/2"]
[WhiteTitle "IM"]
[BlackTitle "GM"]
[WhiteElo "2455"]
[BlackElo "2584"]
[WhiteFideId "35093487"]
[BlackFideId "110973"]
[EventDate "2019.03.22"]

1. d4 d5 2. Nc3 Bf5 3. f3 e6 4. Bf4 Bd6 5. Bxd6 Qxd6 6. e4 Bg6 7. Qd2 Nc6 8.
O-O-O O-O-O 9. h4 h5 10. Nge2 dxe4 11. fxe4 Qb4 12. a3 Qe7 13. g3 Nf6 14. Bg2
Nxd4 15. Nxd4 e5 16. Nd5 Nxd5 17. exd5 exd4 18. Qxd4 Rhe8 19. Qxa7 Qe3+ 20. Qxe3
Rxe3 21. Bh3+ Kb8 22. Rhg1 Re2 23. Rg2 Rde8 24. d6 cxd6 25. Rxd6 Kc7 26. Rd7+
Kc6 27. Rd2 Re1+ 28. Rd1 R8e2 29. Bd7+ Kc7 30. Rxe2 Rxe2 31. Ba4 Rg2 32. Rd7+
Kc8 33. Re7 Rxg3 34. Bb3 Rf3 35. Bd5 Rf2 36. c4 Rc2+ 37. Kd1 Rxb2 38. Bxf7 Bxf7
39. Rxf7 Rg2 40. c5 Rg4 41. Kd2 g5 42. Rf5 Rxh4 43. Rxg5 Kc7 44. Kc3 Kc6 45. Kb3
Kb5 46. a4+ Kc6 47. Rf5 Rh1 48. Kc4 Rc1+ 49. Kd4 h4 50. Rh5 Ra1 51. Rh6+ Kc7 52.
Rh7+ Kc8 53. Rh8+ Kd7 54. Rh7+ Kc6 55. Rh6+ Kc7 56. Rh7+ Kb8 57. Kc4 Rh1 58. Kb3
h3 59. Kb2 h2 60. Ka2 Kc8 61. Kb2 Kb8 1/2-1/2

[Event "3rd Sharjah Masters 2019"]
[Site "Sharjah UAE"]
[Date "2019.03.28"]
[Round "7.14"]
[White "Saurabh, Anand"]
[Black "Sargissian, Gabriel"]
[Result "0-1"]
[BlackTitle "GM"]
[WhiteElo "2385"]
[BlackElo "2689"]
[WhiteFideId "5094496"]
[BlackFideId "13300881"]
[EventDate "2019.03.22"]

1. e4 c6 2. d4 d5 3. e5 Bf5 4. h4 h5 5. c4 e6 6. Nc3 Ne7 7. Bg5 Qb6 8. Qd2 Nd7
9. Nf3 f6 10. exf6 gxf6 11. Be3 Qa5 12. cxd5 Nxd5 13. Nxd5 Qxd5 14. Bd3 Rg8 15.
Bxf5 Qxf5 16. O-O-O Rxg2 17. Qe2 Nb6 18. Rhg1 Rxg1 19. Rxg1 Nd5 20. a3 O-O-O 21.
Nd2 Bd6 22. Nc4 Bf8 23. Rg8 Qh7 24. Rg1 Be7 25. Qc2 Qxc2+ 26. Kxc2 Rh8 27. Rg7
Kd7 28. Kd3 b6 29. Bd2 Ke8 30. Ne3 Kf8 31. Nxd5 exd5 32. Rg1 Kf7 33. f3 c5 34.
dxc5 bxc5 35. Be3 a5 36. Kc2 a4 37. Rd1 Rd8 38. Bf2 Rd7 39. Be3 d4 40. Bf2 Rb7
41. Rd3 Ke6 42. Rd1 Rb3 43. Rd3 Rxd3 44. Kxd3 Kd5 45. Bg3 c4+ 46. Kc2 f5 47. Kd2
Bf6 48. Kc2 d3+ 49. Kc1 c3 50. bxc3 Bxc3 51. Bf2 Kc4 52. Bg3 Kb3 53. Bd6 Bb2+
54. Kd2 Bxa3 55. Bf4 Bb2 56. Bd6 Kc4 0-1

[Event "3rd Sharjah Masters 2019"]
[Site "Sharjah UAE"]
[Date "2019.03.28"]
[Round "7.15"]
[White "Ganguly, Surya Shekhar"]
[Black "Sukandar, Irine Kharisma"]
[Result "1-0"]
[WhiteTitle "GM"]
[BlackTitle "IM"]
[WhiteElo "2633"]
[BlackElo "2381"]
[WhiteFideId "5002150"]
[BlackFideId "7101937"]
[EventDate "2019.03.22"]

1. Nf3 Nf6 2. g3 d5 3. Bg2 e6 4. O-O c5 5. c4 Nc6 6. d4 dxc4 7. dxc5 Qxd1 8.
Rxd1 Bxc5 9. Nbd2 Ke7 10. Nxc4 Ne4 11. Be3 Bxe3 12. Nxe3 Bd7 13. Nc4 Rab8 14.
Rxd7+ Kxd7 15. Nfe5+ Nxe5 16. Nxe5+ Ke7 17. Bxe4 f6 18. Nc4 b6 19. f4 Rbc8 20.
b3 h5 21. h4 Rhd8 22. a4 Rc5 23. Kf2 g5 24. hxg5 fxg5 25. Rh1 gxf4 26. gxf4 Rf8
27. Ke3 Rg8 28. Ne5 Rc3+ 29. Bd3 Rxb3 30. Rxh5 Rg7 31. Nc6+ Kd6 32. Nd4 Rb4 33.
Rh6 Rg3+ 34. Ke4 Rxa4 35. Rxe6+ Kc7 36. Bb5 1-0

[Event "3rd Sharjah Masters 2019"]
[Site "Sharjah UAE"]
[Date "2019.03.28"]
[Round "7.16"]
[White "Laxman, R.R."]
[Black "Adly, Ahmed"]
[Result "1/2-1/2"]
[WhiteTitle "GM"]
[BlackTitle "GM"]
[WhiteElo "2425"]
[BlackElo "2611"]
[WhiteFideId "5005361"]
[BlackFideId "10601619"]
[EventDate "2019.03.22"]

1. d4 Nf6 2. Nf3 e6 3. Bg5 Be7 4. Nbd2 c5 5. c3 d5 6. e3 Nbd7 7. Bd3 b6 8. Ne5
Nxe5 9. dxe5 Nd7 10. Bf4 g5 11. Bg3 h5 12. h3 Bb7 13. c4 d4 14. Be4 Qc7 15. Qf3
O-O-O 16. Bxb7+ Qxb7 17. O-O-O Qxf3 18. gxf3 Nb8 19. Ne4 Nc6 20. Rhg1 Rdg8 21.
Kc2 Rg6 22. a3 g4 23. hxg4 hxg4 24. f4 Rgh6 25. Kd3 Rh3 26. Ke2 Kc7 27. b4 dxe3
28. bxc5 Bxc5 29. fxe3 Bxa3 30. Ng5 a5 31. Nxf7 Rg8 32. Ng5 Rh6 33. Rh1 Rgg6 34.
e4 Rxh1 35. Rxh1 Be7 36. Rh7 a4 37. Nxe6+ Rxe6 38. f5 a3 39. fxe6 a2 40. Rh1
Nd4+ 41. Kd3 Nb3 42. Kc3 a1=Q+ 43. Rxa1 Nxa1 44. Kb2 Kc6 45. Kxa1 Kc5 46. Bf2+
Kxc4 47. Bxb6 g3 48. Kb2 Kd3 49. Bg1 Bg5 50. Kb3 Be7 51. Kb2 Bg5 52. Kb3 Be7 53.
Kb2 Kxe4 54. Kc3 Bg5 55. Kc4 g2 56. Kc3 Kxe5 57. Kd3 Kxe6 58. Ke4 Be3 59. Kxe3
Kf5 60. Kf3 Ke6 61. Ke4 Kf6 62. Kd5 Kf5 63. Kd4 Kf4 64. Kd3 Kf3 65. Kd2 Kf4 66.
Kd3 Kf3 67. Kd2 Kf4 68. Kd3 Kf3 69. Kd2 1/2-1/2

[Event "3rd Sharjah Masters 2019"]
[Site "Sharjah UAE"]
[Date "2019.03.28"]
[Round "7.17"]
[White "Chanda, Sandipan"]
[Black "Priyanka, Nutakki"]
[Result "1-0"]
[WhiteTitle "GM"]
[BlackTitle "WIM"]
[WhiteElo "2534"]
[BlackElo "2297"]
[WhiteFideId "5004225"]
[BlackFideId "25049615"]
[EventDate "2019.03.22"]

1. e4 e6 2. d4 d5 3. e5 c5 4. c3 Nc6 5. Nf3 Qb6 6. a3 f6 7. b4 c4 8. Be3 Nge7 9.
Bxc4 dxc4 10. d5 Qc7 11. dxc6 Qxc6 12. Nbd2 Bd7 13. O-O f5 14. Bc5 Qd5 15. Qe2
b5 16. Rfd1 Qb7 17. Ng5 Nd5 18. Bxf8 Nf4 19. Qf3 Qxf3 20. Ndxf3 Rxf8 21. Rd6 h6
22. g3 Ne2+ 23. Kf1 Nxc3 24. Nxe6 Bxe6 25. Rxe6+ Kf7 26. Ra6 Rfe8 27. Rc1 Ne4
28. a4 bxa4 29. Rxc4 Re7 30. Rxa4 Rd8 31. Kg2 Rd3 32. Rc2 g5 33. Ra6 Kg7 34.
Rcc6 g4 35. Nh4 Rf7 36. e6 Rb7 37. Nxf5+ Kf6 38. e7+ Kf7 39. Rxh6 1-0

[Event "3rd Sharjah Masters 2019"]
[Site "Sharjah UAE"]
[Date "2019.03.28"]
[Round "7.18"]
[White "Megaranto, Susanto"]
[Black "Fenil, Shah"]
[Result "1-0"]
[WhiteTitle "GM"]
[BlackTitle "IM"]
[WhiteElo "2526"]
[BlackElo "2360"]
[WhiteFideId "7101384"]
[BlackFideId "5019850"]
[EventDate "2019.03.22"]

1. c4 c5 2. Nf3 Nf6 3. g3 Nc6 4. Bg2 d5 5. cxd5 Nxd5 6. O-O e5 7. Nc3 Nc7 8. a3
Rb8 9. d3 Be7 10. Be3 O-O 11. Rc1 b6 12. Nd2 Nd4 13. Nc4 f6 14. a4 a6 15. Ne4
Nce6 16. a5 bxa5 17. Ra1 Bd7 18. Nc3 Nc7 19. Rxa5 Be6 20. Bc1 Rb4 21. Ra3 Qd7
22. Re1 Rd8 23. Na5 Rb6 24. Na4 Rb5 25. Nc3 Rb6 26. Ra4 Nb3 27. Nc4 Rbb8 28. Nd2
Nxd2 29. Qxd2 c4 30. Rd1 cxd3 31. Qe1 Bb3 32. Rxd3 Bxa4 33. Rxd7 Bxd7 34. Be4
Be6 35. Bd3 f5 36. f3 Bc5+ 37. Kg2 a5 38. Bg5 Rd7 39. Na4 Bb4 40. Qc1 h6 41. Be3
Nd5 42. Bf2 Rc7 43. Qb1 Ne7 44. b3 Bd6 45. Qe1 Bb4 46. Qa1 Nc6 47. Nc5 Bxc5 48.
Bxc5 Rxb3 49. Qa2 Bf7 50. Qa4 Rb2 51. Bd6 Rb4 52. Bxb4 axb4 53. Bxf5 g6 54. Be4
Nd4 55. Qxb4 Kg7 56. Qd6 1-0

[Event "3rd Sharjah Masters 2019"]
[Site "Sharjah UAE"]
[Date "2019.03.28"]
[Round "7.20"]
[White "Sindarov, Javokhir"]
[Black "Kunal, M."]
[Result "1-0"]
[WhiteTitle "GM"]
[WhiteElo "2505"]
[BlackElo "2258"]
[WhiteFideId "14205483"]
[BlackFideId "5018250"]
[EventDate "2019.03.22"]

1. g3 Nf6 2. Bg2 d5 3. Nf3 e6 4. O-O Be7 5. d3 c5 6. Nbd2 Nc6 7. e4 Qc7 8. Qe2
O-O 9. Re1 b5 10. e5 Nd7 11. Nf1 Bb7 12. h4 Nd4 13. Nxd4 cxd4 14. Bf4 Rfc8 15.
Rec1 Qd8 16. Nh2 a5 17. Qg4 Ra6 18. Nf3 Bc5 19. Re1 Rac6 20. Re2 Bb6 21. Rc1 Qf8
22. h5 a4 23. h6 g6 24. Bg5 a3 25. b3 Qc5 26. Qf4 Qc3 27. Be7 Re8 28. Bd6 Rxd6
29. exd6 f6 30. Bh3 f5 31. Bxf5 Nf8 32. d7 Ra8 1-0

[Event "3rd Sharjah Masters 2019"]
[Site "Sharjah UAE"]
[Date "2019.03.28"]
[Round "7.21"]
[White "Nigmatov, Ortik"]
[Black "Pranav, V"]
[Result "1-0"]
[WhiteTitle "IM"]
[WhiteElo "2478"]
[BlackElo "2258"]
[WhiteFideId "14202131"]
[BlackFideId "25060783"]
[EventDate "2019.03.22"]

1. Nf3 Nf6 2. e3 d5 3. c4 e6 4. b3 b6 5. Bb2 Bb7 6. Nc3 Nbd7 7. Qc2 a6 8. Be2
Bd6 9. a3 Qe7 10. O-O O-O 11. d3 Rad8 12. h3 Rfe8 13. Rfe1 c6 14. e4 dxe4 15.
dxe4 e5 16. Bf1 a5 17. Na4 Bc7 18. b4 axb4 19. axb4 Ra8 20. Bc3 Nf8 21. c5 b5
22. Nb2 Rad8 23. Nd3 Ng6 24. g3 Bb8 25. Nc1 Nh5 26. Nb3 Qf6 27. Nh2 Bc8 28. Na5
Qe6 29. Qa2 Qd7 30. Rad1 Qc7 31. Ng4 Re6 32. Be2 Rde8 33. Ne3 Nf6 34. Bf3 Qa7
35. Nf5 h6 36. h4 Nh7 37. Qe2 Ngf8 38. Rd2 Bc7 39. Red1 Bxa5 40. Ra1 Qc7 41.
Rxa5 Bd7 42. Rda2 Rf6 43. Ra7 Qb8 44. Ra8 Qxa8 45. Rxa8 Rxa8 46. Bxe5 Re6 47.
Bxg7 Ng6 48. Bc3 Ra3 49. Qd2 Ngf8 50. Qxh6 Rg6 51. Ne7# 1-0

[Event "3rd Sharjah Masters 2019"]
[Site "Sharjah UAE"]
[Date "2019.03.28"]
[Round "7.22"]
[White "Dhulipalla, Bala Chandra Prasad"]
[Black "Darini, Pouria"]
[Result "1/2-1/2"]
[WhiteTitle "IM"]
[BlackTitle "GM"]
[WhiteElo "2384"]
[BlackElo "2474"]
[WhiteFideId "25005812"]
[BlackFideId "12502200"]
[EventDate "2019.03.22"]

1. d4 Nf6 2. c4 g6 3. g3 Bg7 4. Bg2 d5 5. cxd5 Nxd5 6. Nf3 O-O 7. O-O Nb6 8. Nc3
Nc6 9. e3 Re8 10. Re1 a5 11. Qe2 Be6 12. Rd1 Bc4 13. Qc2 Nb4 14. Qe4 f5 15. Qh4
e5 16. Nxe5 Bxe5 17. dxe5 Qxh4 18. gxh4 c6 19. b3 N4d5 20. Bb2 Nxc3 21. Bxc3 Bd5
22. Bd4 Bxg2 23. Kxg2 Nd5 24. a3 Kf7 25. f4 h5 26. Kf3 Red8 27. Rg1 Re8 28. Rac1
Rac8 29. Rc2 Ra8 30. Bc5 Rad8 31. Bd4 Re6 32. Rgc1 Ree8 33. Rc5 Ra8 34. Rxd5
cxd5 35. Rc5 a4 36. bxa4 Rxa4 37. Rxd5 Rxa3 38. Rd7+ Kg8 39. Rxb7 Re6 40. Rb8+
Kf7 41. Rb7+ Ke8 42. Bc5 Ra2 43. Bd6 Rxh2 44. Kg3 Re2 45. Kf3 Rh2 46. Kg3 Rh1
47. Rg7 Kd8 48. Rf7 Ke8 49. Rg7 Kd8 50. Rf7 Rd1 51. Kf3 Rd2 52. Rg7 Rh2 53. Kg3
Rb2 54. Kf3 Rh2 55. Kg3 Rh1 56. Rf7 Ke8 57. Rg7 Rd1 58. Kf3 Rg1 59. e4 Rf1+ 60.
Ke3 Re1+ 61. Kd4 Rd1+ 62. Ke3 Re1+ 63. Kd4 Rd1+ 64. Ke3 fxe4 65. Ra7 Rd3+ 66.
Ke2 Rf3 67. Rg7 Kd8 68. Kd2 Rd3+ 69. Ke2 Rf3 70. Kd2 Rxf4 71. Ke3 Rxh4 72. Kd4
e3+ 73. Kd5 Rxd6+ 74. exd6 e2 75. Rg8+ Kd7 76. Rg7+ Kd8 77. Rg8+ Kd7 78. Rg7+
Kd8 1/2-1/2

[Event "3rd Sharjah Masters 2019"]
[Site "Sharjah UAE"]
[Date "2019.03.28"]
[Round "7.23"]
[White "Rathnakaran, K."]
[Black "Mendonca, Leon Luke"]
[Result "1-0"]
[WhiteTitle "IM"]
[BlackTitle "CM"]
[WhiteElo "2361"]
[BlackElo "2446"]
[WhiteFideId "5005507"]
[BlackFideId "35028561"]
[EventDate "2019.03.22"]

1. e4 c5 2. Nf3 d6 3. c3 Nf6 4. h3 Nc6 5. d3 g6 6. Be3 Bg7 7. Qc1 O-O 8. Bh6 e5
9. g4 d5 10. Bxg7 Kxg7 11. Nbd2 Be6 12. Be2 Rc8 13. Nh2 b5 14. Nhf1 c4 15. dxc4
bxc4 16. Ng3 Nxe4 17. Ndxe4 dxe4 18. h4 Bd5 19. Qe3 Qf6 20. O-O-O Rcd8 21. Rd2
Qf4 22. Rhd1 Be6 23. Nxe4 Qxe3 24. fxe3 Rxd2 25. Rxd2 Rd8 26. Nc5 Rxd2 27. Nxe6+
fxe6 28. Kxd2 Na5 29. Bf3 Kf6 30. Kc2 g5 31. h5 h6 32. b4 cxb3+ 33. axb3 Ke7 34.
c4 Kd6 35. Kc3 Nc6 36. Bxc6 Kxc6 37. Kb4 e4 38. Ka5 Kc5 39. Ka6 Kb4 40. Kxa7 Kc3
41. c5 1-0

[Event "3rd Sharjah Masters 2019"]
[Site "Sharjah UAE"]
[Date "2019.03.28"]
[Round "7.24"]
[White "Jeet, Jain"]
[Black "Asgarizadeh, Ahmad"]
[Result "0-1"]
[WhiteTitle "FM"]
[BlackTitle "IM"]
[WhiteElo "2219"]
[BlackElo "2434"]
[WhiteFideId "5073022"]
[BlackFideId "12505684"]
[EventDate "2019.03.22"]

1. e4 e5 2. Nf3 Nc6 3. Bc4 Bc5 4. c3 Nf6 5. d3 d6 6. Bb3 a6 7. O-O Ba7 8. h3 h6
9. Re1 g5 10. d4 g4 11. hxg4 Nxg4 12. Bd5 Qf6 13. Be3 Rg8 14. Bxc6+ bxc6 15. g3
h5 16. Nbd2 h4 17. Qa4 Bd7 18. Qxa6 hxg3 19. fxg3 Nxe3 20. Rxe3 Ke7 21. Qd3
Rxg3+ 22. Kf2 Rag8 23. Rf1 Bh3 24. Rh1 Bg2 25. Rg1 Qf4 26. b4 R8g6 27. a4 Rh3
28. a5 Bxf3 29. Nxf3 Rxg1 30. Kxg1 Qg3+ 31. Kf1 Rh1+ 0-1

[Event "3rd Sharjah Masters 2019"]
[Site "Sharjah UAE"]
[Date "2019.03.28"]
[Round "7.25"]
[White "Nitin, S."]
[Black "Iturrizaga Bonelli, Eduardo"]
[Result "0-1"]
[WhiteTitle "IM"]
[BlackTitle "GM"]
[WhiteElo "2408"]
[BlackElo "2639"]
[WhiteFideId "5018277"]
[BlackFideId "3901211"]
[EventDate "2019.03.22"]

1. e4 c6 2. Nc3 d5 3. Nf3 g6 4. d4 Bg7 5. h3 dxe4 6. Nxe4 Nf6 7. Nxf6+ exf6 8.
Bd3 O-O 9. O-O Re8 10. Bf4 Nd7 11. Qd2 Nf8 12. Rfe1 Be6 13. c4 g5 14. Bg3 Qd7
15. Rad1 Rad8 16. Qc2 Qc8 17. Qa4 h5 18. Qxa7 h4 19. Bh2 Bxh3 20. gxh3 Qxh3 21.
Qa3 Qg4+ 22. Kf1 Qh3+ 23. Kg1 Qg4+ 24. Kf1 Ne6 25. Be2 Nf4 26. Bxf4 Qxf4 27. Ng1
g4 28. Bxg4 Rxe1+ 29. Rxe1 Qxg4 30. Qf3 f5 31. b3 Rxd4 32. Qh1 Rd3 33. Re8+ Bf8
34. Re3 Rd1+ 35. Re1 Rxe1+ 36. Kxe1 Qe4+ 37. Qxe4 fxe4 38. Ke2 f5 39. f3 Kg7 40.
Nh3 Kf6 41. Nf4 Bd6 0-1

[Event "3rd Sharjah Masters 2019"]
[Site "Sharjah UAE"]
[Date "2019.03.28"]
[Round "7.26"]
[White "Zou, Chen"]
[Black "Debashis, Das"]
[Result "1/2-1/2"]
[WhiteTitle "FM"]
[BlackTitle "GM"]
[WhiteElo "2397"]
[BlackElo "2532"]
[WhiteFideId "8610959"]
[BlackFideId "5024854"]
[EventDate "2019.03.22"]

1. e4 c5 2. Nf3 d6 3. d4 cxd4 4. Nxd4 Nf6 5. Nc3 a6 6. f3 e5 7. Nb3 h5 8. Be3
Be6 9. Qd2 Nbd7 10. Nd5 Bxd5 11. exd5 g6 12. Be2 Qc7 13. Rc1 Bg7 14. O-O O-O 15.
c4 b6 16. Na1 Kh7 17. g4 e4 18. gxh5 Nxh5 19. fxe4 Nhf6 20. Rf4 Rae8 21. Bf3 Nc5
22. Qg2 Kg8 23. Rf1 Bh6 24. Rxf6 Bxe3+ 25. Kh1 Bd4 26. Rf5 Bg7 27. Rg5 Qe7 28.
Rg4 Nd3 29. Be2 Nc5 30. Bf3 Nd7 31. Rg3 Qe5 32. b3 b5 33. cxb5 axb5 34. Nc2 Nf6
35. Na3 Rb8 36. Qe2 Qe8 37. Rc1 Bh6 38. Rc6 Bf4 39. Rg2 b4 40. Nc4 Qe7 41. Rf2
Rfe8 42. Bg2 Nxe4 43. Qxe4 Qxe4 44. Bxe4 Rxe4 45. Nxd6 Rd4 46. Nc4 g5 47. d6 Kg7
48. Kg2 Rd8 49. Rc7 Kg6 50. Rb7 f6 51. Rxb4 Bxd6 52. Rb6 Bf4 53. a4 Kf7 54. a5
Rh8 55. h3 Rd3 56. Rf3 Rd1 57. a6 Ra1 58. Rf1 Ra2+ 59. Rf2 Ra1 60. b4 Rd8 61.
Rb7+ Kg6 62. a7 Rd3 63. Rf3 Ra2+ 64. Rf2 Ra1 65. Rf3 Ra2+ 66. Rf2 Ra1 1/2-1/2